Statistiken für Die Form Jedes Asiatischen Landes

Klicken Sie hier um das Quiz zu spielen!

Allgemein

  • Dieses Quiz wurde 149 mal gespielt
  • Das Durchschnittsergebnis liegt bei 32 aus 48

Antwortstatistiken

Antwort% Korrekt
Indien
99%
Japan
99%
China
98%
Türkei
95%
Vietnam
95%
Indonesien
86%
Sri Lanka
84%
Myanmar
82%
Afghanistan
81%
Thailand
81%
Zypern
81%
Pakistan
79%
Irak
78%
Malediven
78%
Nepal
78%
Philippinen
78%
Israel
76%
Iran
74%
Oman
73%
Taiwan
72%
Laos
71%
Jemen
69%
Jordanien
66%
Malaysia
66%
Saudi-Arabien
66%
Usbekistan
64%
Kasachstan
62%
Mongolei
62%
Bangladesch
59%
Vereinigte Arabische Emirate
58%
Aserbaidschan
57%
Südkorea
57%
Georgien
56%
Kirgisistan
55%
Nordkorea
55%
Turkmenistan
55%
Kuwait
53%
Syrien
53%
Singapur
52%
Osttimor
50%
Tadschikistan
48%
Brunei
41%
Armenien
40%
Kambodscha
39%
Libanon
37%
Katar
35%
Bahrain
33%
Bhutan
30%

Verteilung der Resultate

Perzentil nach korrekt beantworteten Fragen

Anzahl Personen mit jedem Resultat

Ihre Resultats-Entwicklung

Sie haben dieses Quiz noch nicht gespielt